MLB Year in Review 2018 - Statistics

General Stats
  • This quiz has been taken 13 times
    12 since last reset
  • The average score is 15 of 25
Answer Stats
Category Answer % Correct
World Series Winner Boston Red Sox
100%
Best Record (108 - 54) Boston Red Sox
100%
ALCS Loser Houston Astros
83%
World Series Loser Los Angeles Dodgers
83%
AL Cy Young (TBR) Blake Snell
75%
Wins Leader (21 TBR) Blake Snell
75%
NL MVP (MIL) Christian Yelich
75%
NL Cy Young (NYM) Jacob deGrom
67%
ERA Leader (1.70 NYM) Jacob deGrom
67%
Strike Outs Leader (300 WSN) Max Scherzer
67%
AL MVP (BOS) Mookie Betts
67%
WAR Leader (10.7 BOS) Mookie Betts
67%
Batting Champion (.346 BOS) Mookie Betts
67%
NL Rookie of the Year (ATL) Ronald Acuña Jr.
67%
NLCS Loser Milwaukee Brewers
58%
AL Rookie of the Year (LAA) Shohei Ohtani
58%
Worst Record (47 - 115) Baltimore Orioles
50%
RBI Leader (130 BOS) J.D. Martinez
50%
Triples Leader (12 ARI) Ketel Marte
50%
Home Run Leader (48 OAK) Khris Davis
42%
Name 1 HOF Inductee (VG, TH, CJ, JM, JT, AT) Vladimir Guerrero | Trevor Hoffman | Chipper Jones | Jack Morris | Jim Thome | Alan Trammell
42%
Saves Leader (57 SEA) Edwin Diaz
25%
Hits Leader (192 KCR) Whit Merrifield
25%
Stolen Base Leader (45 KCR) Whit Merrifield
25%
Doubles Leader (51 HOU) Alex Bergman
0%
No matching quizzes found
Score Distribution
Percent of People with Each Score
Percentile by Number Answered
Your Score History
You have not taken this quiz since the last reset